000 00900pam a2200265 a 4500
001 1200882
003 OSt
005 20160419144852.0
008 981029s1999 njua b 001 0 eng
010 _a 98050525
020 _a013805326X (pbk.)
040 _aDLC
_cDLC
_dDLC
050 0 0 _aQC680
_b.G74 1999
082 0 0 _a530
_221
_bGRI 1999
100 1 _aGriffiths, David J.
_q(David Jeffery),
_d1942-
_98087
245 1 0 _aIntroduction to electrodynamics /
_cDavid J. Griffiths.
250 _a3rd ed.
260 _aUpper Saddle River, N.J. :
_bPrentice Hall,
_c1999.
300 _axv, 576 p. :
_bill. ;
_c25 cm.
504 _aIncludes bibliographical references and index.
650 0 _aElectrodynamics.
_97960
906 _a7
_bcbc
_corignew
_d1
_eocip
_f19
_gy-gencatlg
942 _2ddc
_cSLOAN
999 _c3630
_d3630